000 00339nam a2200145Ia 4500
008 150201s2005 xx 000 0 und d
082 _a616.01
_bT05B
100 _aBORRIELLO,S PETER
245 _aTOPLEY&WILSON BACTERIOLOGY
250 _a10TH
260 _bHODDER ARNOLD
_c2005
300 _a1-
650 _aMICROBIOLOGY
942 _2ddc
_cBK
999 _c434
_d434